000 00616nam a2200205Ia 4500
005 20250508165003.0
008 008 250505s9999 xx 000 0 eng d
020 _a978-93-5002-004-3
037 _aTextBook
040 _aFEDL
_beng
_cFEDL
041 _aeng
_2eng
084 _a370.1, MAR/R
_qFEDL
100 _aMarti Jose
245 0 _aOn education: Articles on educational theory and pedagogy, and writings for children from the age of gold
260 _aDelhi, India
_bAakar Books
_c2009
300 _a320p.
365 _aINR
_b295
942 _cTB
_h370.1, MAR/R
999 _c1392496
_d1392496